PCAnywhere. Volume 10 / (Record no. 108734)
[ view plain ]
| 000 -LEADER | |
|---|---|
| fixed length control field | 00340nam a2200145 a 4500 |
| 005 - DATE AND TIME OF LATEST TRANSACTION | |
| control field | 20140414093831.0 |
| 008 - FIXED-LENGTH DATA ELEMENTS--GENERAL INFORMATION | |
| fixed length control field | 030619s19uu xx 00 eng d |
| 050 ## - LIBRARY OF CONGRESS CALL NUMBER | |
| Classification number | CDR 004.5 |
| Item number | PC n.d. |
| 100 ## - MAIN ENTRY--PERSONAL NAME | |
| Personal name | Symantec |
| 245 ## - TITLE STATEMENT | |
| Title | PCAnywhere. Volume 10 / |
| Statement of responsibility, etc | Symantec. |
| 520 ## - SUMMARY, ETC. | |
| Summary, etc | CD-ROM |
| 650 ## - SUBJECT ADDED ENTRY--TOPICAL TERM | |
| Topical term or geographic name as entry element | CD-ROM. |
| 942 ## - ADDED ENTRY ELEMENTS (KOHA) | |
| Koha item type | Audio Visual Materials |
| Withdrawn status | Lost status | Damaged status | Home library | Current library | Shelving location | Date acquired | Source of acquisition | Total Checkouts | Full call number | Barcode | Date last seen | Price effective from | Koha item type |
|---|---|---|---|---|---|---|---|---|---|---|---|---|---|
| Luxembourg Library | Luxembourg Library | Audio Visual Material Section | 06/19/2003 | CDR 004.5 PC n.d. | UN0066 | 04/14/2014 | 04/14/2014 | Audio Visual Materials |